Classes in modern society

সংরক্ষণ করুন:
গ্রন্থ-পঞ্জীর বিবরন
প্রধান লেখক: T.B.Bottomore
বিন্যাস: গ্রন্থ
ভাষা:Undetermined
প্রকাশিত: London George Allen and Unwin LTD 1965
বিষয়গুলি:
ট্যাগগুলো: ট্যাগ যুক্ত করুন
কোনো ট্যাগ নেই, প্রথমজন হিসাবে ট্যাগ করুন!
Thư viện lưu trữ: Trung tâm Học liệu Trường Đại học Cần Thơ
LEADER 00476nam a2200181Ia 4500
001 CTU_90661
008 210402s9999 xx 000 0 und d
082 |a 301.44 
082 |b B751 
100 |a T.B.Bottomore 
245 0 |a Classes in modern society 
245 0 |c T.B.Bottomore 
260 |a London 
260 |b George Allen and Unwin LTD 
260 |c 1965 
650 |a social classes 
904 |i Ngọc Loan 
980 |a Trung tâm Học liệu Trường Đại học Cần Thơ